000 00235nam a2200097Ia 4500
008 240331s9999 xx 000 0 und d
082 _a060
_bWEE
100 _aWeerakoon, A.C.G.
245 0 _aDawin,dawinwadaya ha minis sanhathiya
942 _cL
999 _c632
_d632